000 00487nam a2200181Ia 4500
003 GCL
008 140319s9999 xx 000 0 ara d
040 _aGCL /
_cGCL
082 0 4 _a210.8
_bع ا
100 1 _aعبدالمنعم النمر
245 1 0 _aالى الشباب فى الدين والحياه /
_cعبدالمنعم النمر
300 _a402
490 _aكتاب
_v0
650 0 4 _aتاريخ
650 0 4 _aالاسلام
650 0 4 _aالاداب
942 _2ddc
_cBK
999 _c43149
_d43149